| 000 | 01338cam a2200349 4500 | ||
|---|---|---|---|
| 008 | 090401t1998 xxu||||| |||| 00| 0 eng d | ||
| 020 | _a072772729X | ||
| 035 | _a(Sirsi) u89377 | ||
| 041 | _aeng | ||
| 050 | _a658.1552 | ||
| 100 | _aMale, Steven | ||
| 245 | _aValue management : the value management benchmark : a good practice framework for clients and practitioners. | ||
| 260 |
_aLondon _bThomas Telford _c1998 |
||
| 300 | _a63p. ; 30cm. | ||
| 350 | _a30 | ||
| 500 | _aCD-Rom version also available (L145146). | ||
| 520 | _aThe framework has been developed from an international benchmarking exercise of value management processes, procedures, tools and techniques used in construction and manufacturing. Provides a step by step procedure for undertaking the VM process on construction projects and highlights the requirements at specific points in the project life cycle. | ||
| 650 | _aBENCHMARKING | ||
| 650 | _aCONSTRUCTION PROJECTS | ||
| 650 | _aEPSRC | ||
| 650 | _aMANAGEMENT-PROJECT MANAGEMENT | ||
| 650 | _aVALUE MANAGEMENT | ||
| 690 |
_aProject management _96261 |
||
| 700 | _aKelly, John | ||
| 700 | _aFernie, Scott | ||
| 700 | _aGronqvist, Marcus | ||
| 700 | _aBowles, Graeme | ||
| 710 | _aHeriot-Watt University | ||
| 710 |
_aUniversity of Leeds _93699 |
||
| 942 | _n0 | ||
| 948 | _c29/10/1998 | ||
| 999 |
_c97456 _d97456 |
||